000 00791nam a22002537a 4500
001 BR8703729
003 BR-BrBNA
005 20230928092627.0
007 ta
008 230509b bl.||||| |||| 00| 0 por d
040 _aBR-BrBNA
_bpor
_cBiblioteca Nacional de Agricultura
041 _a(Por)
072 _aE13
_b/G514
090 _ E13 BR8703729
110 1 _aMinisterio da Agricultura, Brasilia, DF (Brasil). Secretaria de Programacao Orcamentaria e Financeira
_96831
245 1 _aMemoria do orcamento do Ministerio da Agricultura. Periodo 1979/84 - Versao preliminar
260 3 _aBrasilia, DF (Brasil):
_c1984.
300 _a238 p.
500 _aNumerical data
650 _aAGRICULTURA
650 _aRECURSO ECONOMICO
909 _a202309
_bLucia
_c55
_dLucia Elande
942 _cBK
999 _c40237
_d40237